000
00325pab a2200145 454500
008
180718b1998 xxu||||| |||| 00| 0 eng d
100
_a
Pavani, Praveen
245
_a
From fera to fema
260
_c
1998
300
_a
p.10
362
_a
10 Sept
650
_a
Foreign exchange
773
_a
Economic Times
909
_a
39445
999
_c
39445
_d
39445